Cartoon Character by Favorite Food Quiz Stats

 Plays Quiz Updated Nov 2, 2015

Challenge
Share
Tweet
Embed
Score 0/18 Timer 05:00
5 Plays Today
% Correct
Winnie the Pooh
96%
Popeye
95.8%
Bugs Bunny
95.6%
SpongeBob SquarePants
92.5%
Garfield
89.2%
Homer Simpson
88.7%
Donatello, Leonardo, Michelangelo, and Raphael
85%
Timon & Pumbaa
71.1%
Monterey Jack
61.3%
% Correct
Eric Cartman
58.9%
Minions
47.7%
Angelica Pickles
46.9%
Ed, Edd, and Eddy
46.2%
Obelix & Asterix
33%
Ron Stoppable
29.2%
Beast Boy
26.9%
Sonic the Hedgehog
24.5%
Kids Next Door
22%

You're not logged in!

Compare scores with friends on all Sporcle quizzes.
OR
Log In

You Might Also Like...

Show Comments

Extras

Top Quizzes Today


Score Distribution

Your Account Isn't Verified!

In order to create a playlist on Sporcle, you need to verify the email address you used during registration. Go to your Sporcle Settings to finish the process.

Report this User

Report this user for behavior that violates our Community Guidelines.

Details: